[Event "Kaissa CC"]
[Site "Kharkov UKR"]
[Date "2000.05.06"]
[Round "8"]
[White "Katuzian,V"]
[Black "Kostiuk,T"]
[Result "0-1"]
[WhiteElo "2283"]
[BlackElo "2270"]

1.Nf3 Nf6 2.c4 g6 3.Nc3 Bg7 4.e4 d6 5.d4 O-O 6.Be2 Na6 7.O-O e5 8.dxe5 dxe5
9.Qxd8 Rxd8 10.Bg5 Re8 11.Rfd1 Be6 12.Bxf6 Bxf6 13.Nd5 Bd8 14.a3 Nc5 15.Nd2 Bg5
16.Nc3 Nd7 17.b4 Be7 18.c5 b6 19.cxb6 Nxb6 20.Ba6 Rab8 21.Rdc1 Red8 22.Rc2 Rd7
23.Nf3 f6 24.Rd1 Rbd8 25.Rxd7 Rxd7 26.Rd2 Rxd2 27.Nxd2 c5 28.bxc5 Bxc5 29.Nb5 Nc4
30.Nxc4 Bxc4 31.a4 Bb3 32.a5 Kf8 33.Nc7 Bb4 34.Nd5 Bxd5 35.exd5 Bxa5 36.f3 Ke7
37.Kf2 Kd6 38.Bc4 Kc5 39.Ba2 Bb4 40.Ke3 a5 41.g4 a4 42.Kd3 Ba5 43.h3 f5 44.gxf5 gxf5
45.h4 Bc7 46.Kc3 e4 47.fxe4 fxe4 48.h5 Bf4 49.Bc4  0-1

[Event "ch-EST"]
[Site "Tallinn EST"]
[Date "2000.05.06"]
[Round "8"]
[White "Svirjov,I"]
[Black "Kulaots,K"]
[Result "1/2-1/2"]
[WhiteElo "2346"]
[BlackElo "2499"]

1.d4 Nf6 2.Nf3 g6 3.c4 Bg7 4.Nc3 O-O 5.e4 d6 6.Be2 e5 7.dxe5 dxe5 8.Qxd8 Rxd8
9.Nd5 Nxd5 10.cxd5 c6 11.Bc4 cxd5 12.Bxd5  1/2-1/2

[Event "3rd Open"]
[Site "Tanta City EGY"]
[Date "2000.05.07"]
[Round "5"]
[White "Elkadi,A"]
[Black "Elgabry,M"]
[Result "0-1"]
[WhiteElo "2254"]
[BlackElo "2271"]

1.d4 Nf6 2.c4 g6 3.Nc3 Bg7 4.e4 O-O 5.Nf3 d6 6.Be2 Nbd7 7.O-O e5 8.d5 Nc5
9.Qc2 a5 10.Ne1 Ne8 11.b3 f5 12.f3 f4 13.a3 h5 14.Rb1 g5 15.b4 axb4 16.axb4 Nd7
17.Nd3 Rf6 18.Bd2 Nf8 19.Ra1 Rb8 20.Nf2 Rg6 21.h3 Nf6 22.Ra3 g4 23.hxg4 hxg4
24.fxg4 Nxg4 25.Nxg4 Bxg4 26.Bxg4 Rxg4 27.Be1 Ng6 28.Qe2 Qd7 29.Rf3 Bf6 30.Nd1 Bh4
31.Nf2 Bxf2+ 32.Bxf2 Kg7 33.Ra7 Kf6 34.Rh3 Kg5 35.c5 Qg7 36.Qb5 Rh8 37.Kf1 f3
38.Be3+ Nf4 39.Bxf4+ exf4 40.Qd3 fxg2+ 41.Kg1 Rxh3 42.Qxh3 Qh6  0-1

[Event "FSFM May"]
[Site "Budapest HUN"]
[Date "2000.05.08"]
[Round "3"]
[White "Bordas,G"]
[Black "Dombai,I"]
[Result "1/2-1/2"]
[WhiteElo "2132"]
[BlackElo "2128"]

1.c4 Nf6 2.Nc3 g6 3.e4 d6 4.d4 Bg7 5.Be2 O-O 6.Nf3 e5 7.O-O exd4 8.Nxd4 Re8
9.f3 Nc6 10.Be3 Nh5 11.g4 Nf4 12.Nxc6 Nxe2+ 13.Nxe2  1/2-1/2

[Event "Kaissa CC"]
[Site "Kharkov UKR"]
[Date "2000.05.08"]
[Round "10"]
[White "Budnikov,O"]
[Black "Kostiuk,T"]
[Result "1-0"]
[WhiteElo "2363"]
[BlackElo "2270"]

1.Nf3 Nf6 2.d4 g6 3.c4 Bg7 4.Nc3 d6 5.e4 O-O 6.Be2 Na6 7.O-O e5 8.Be3 Ng4
9.Bg5 f6 10.Bh4 c6 11.d5 Nh6 12.c5 g5 13.dxc6 bxc6 14.cxd6 Nf7 15.d7 Bb7
16.Bg3 h5 17.h3 h4 18.Bh2 Nc5 19.Ne1 Qxd7 20.b4 Qxd1 21.Rxd1 Ne6 22.Nc2 Rfd8
23.Bc4 Nc7 24.Ne3 Bf8 25.a3 a5 26.bxa5 Bxa3 27.Na4 Kf8 28.Nb6 Rxd1 29.Rxd1 Rd8
30.Nd7+ Ke8 31.Nxf6+ Ke7 32.Rxd8 Kxd8 33.Bxf7 Ke7 34.Bc4 Kxf6 35.Ng4+ Ke7
36.Bxe5  1-0

[Event "FSIM May"]
[Site "Budapest HUN"]
[Date "2000.05.09"]
[Round "4"]
[White "Rajlich,V"]
[Black "Wolter,K"]
[Result "1-0"]
[WhiteElo "2309"]
[BlackElo "2356"]

1.d4 Nf6 2.c4 g6 3.Nc3 Bg7 4.Nf3 O-O 5.e4 d6 6.Be2 e5 7.O-O Na6 8.Be3 Ng4
9.Bg5 Qe8 10.dxe5 dxe5 11.h3 h6 12.Bc1 Nf6 13.Be3 Qe7 14.a3 c6 15.b4 Rd8
16.Qc1 Kh7 17.Rd1 Nh5 18.Rxd8 Qxd8 19.Ra2 Qe7 20.Na4 Be6 21.Rd2 Nf4 22.Bf1 Qf6
23.Qd1 g5 24.b5 cxb5 25.cxb5 Nc7 26.Nc5 Bc8 27.Nd7 Bxd7 28.Rxd7 Nfe6 29.Qd6 Bf8
30.Qxe5 Qxe5 31.Nxe5 Bxa3 32.Nxf7 Kg6 33.Ne5+ Kf6 34.Ng4+ Kg6 35.Ne5+ Kf6
36.Ng4+ Kg6 37.e5 Ne8 38.Bd3+ Kh5 39.Rh7 Bf8 40.Nxh6  1-0

[Event "3rd Open"]
[Site "Tanta City EGY"]
[Date "2000.05.11"]
[Round "8"]
[White "Rahman,Y"]
[Black "Elgabry,M"]
[Result "1/2-1/2"]
[WhiteElo "2273"]
[BlackElo "2271"]

1.d4 Nf6 2.c4 g6 3.Nc3 Bg7 4.e4 O-O 5.Nf3 d6 6.Be2 e5 7.d5 a5 8.O-O Na6 9.Rb1 Nc5
10.Qc2 Bd7 11.h3 h6 12.Be3 Ne8 13.Bxc5 dxc5 14.Bd3 Nd6 15.b3 f5 16.Rbe1 f4
17.Rd1 g5 18.Rfe1 h5 19.Nh2 g4 20.hxg4 hxg4  1/2-1/2

[Event "Capablanca Mem Premier II"]
[Site "Varadero CUB"]
[Date "2000.05.12"]
[Round "5"]
[White "Del Rio Angelis,S"]
[Black "De la Paz,F"]
[Result "1-0"]
[WhiteElo "2463"]
[BlackElo "2462"]

1.d4 Nf6 2.Nf3 g6 3.c4 Bg7 4.Nc3 O-O 5.e4 d6 6.Be2 e5 7.dxe5 dxe5 8.Qxd8 Rxd8
9.Bg5 Rf8 10.Nd5 Nxd5 11.cxd5 c6 12.Bc4 b5 13.Bb3 Bb7 14.O-O-O Nd7 15.dxc6 Bxc6
16.Bd5 Rfc8 17.Kb1 Nc5 18.Rhe1 a6 19.Be7 Bxd5 20.Rxd5 Ne6 21.g4 Ra7 22.Bd6 Nf4
23.Rd2 Re8 24.Rc1 Ne6 25.Rdc2 f6 26.Rc6 Bh6 27.Rg1 Bf4 28.h4 a5 29.g5 Rd7
30.gxf6 Red8 31.f7+ Rxf7 32.Nxe5 Bxe5 33.Bxe5 Nd4 34.Bxd4 Rxd4 35.h5 Rxe4
36.hxg6 hxg6 37.Rcxg6+ Kf8 38.Rb6 Rf5 39.a3 b4 40.axb4 axb4 41.Rb7 Rxf2 42.Rh1 Kg8
43.Rh3 Rd4 44.Ka2 Rg2 45.Rh5 Re2 46.Rg5+ Kf8 47.Rf5+ Kg8 48.Rfb5 Ree4 49.Kb3 Rd3+
50.Ka4 Rd2 51.Rg5+ Kf8 52.Rf5+ Kg8 53.b3 Ra2+ 54.Kb5 Rb2 55.Rc5 Kf8 56.Rh7 Kg8
57.Rh3 Kf7 58.Rc4 Re5+ 59.Kxb4 Ke6 60.Rd4 Rf2 61.Rh6+ Ke7 62.Rc6 Rf3 63.Kc4 Rf1
64.Kb4 Rf3 65.Rc7+ Ke6 66.Ka4 Rf1 67.Rdc4 Ra1+ 68.Kb4 Re3 69.R4c6+ Kd5 70.Rh6 Re8
71.Rc5+ Ke4 72.Rh4+ Kf3 73.Rc3+ Kg2 74.Rh5 Rb1 75.Rd5 Kf2 76.Rd2+ Ke1 77.Rh2 Rb8+
78.Kc4 Rc8+ 79.Kd3 Rd1+ 80.Kc2 Rdd8 81.b4 Rb8 82.Kb3 Kd1 83.Rg3 Re8 84.Rg1+ Re1
85.Rxe1+ Kxe1 86.Rh5 Kd2 87.b5 Kd3 88.Kb4 Kd4 89.Rh1 Kd5 90.Rd1+ Ke6 91.Kc5 Rc8+
92.Kb6 Rc2 93.Kb7 Rb2 94.b6 Ke7 95.Kc7 Rc2+ 96.Kb8 Rb2 97.b7 Ra2 98.Rd4 Ra1
99.Kc7 Rc1+ 100.Kb6 Rb1+ 101.Kc6 Rb2 102.Rd5 Rb1 103.Rb5  1-0

[Event "ch-RUS Women"]
[Site "Elista RUS"]
[Date "2000.05.15"]
[Round "5"]
[White "Stjazhkina,O"]
[Black "Shadrina,T"]
[Result "1/2-1/2"]
[WhiteElo "2319"]
[BlackElo "2348"]

1.c4 Nf6 2.Nc3 g6 3.e4 d6 4.d4 Bg7 5.Nf3 O-O 6.Be2 e5 7.dxe5 dxe5 8.Qxd8 Rxd8
9.Bg5 Re8 10.Nd5 Nxd5 11.cxd5 c6 12.Bc4 cxd5 13.Bxd5 Nc6 14.Bd2 Be6 15.Bxe6 Rxe6
16.Ke2 Rd6 17.Be3 Rad8 18.Rhd1 f6 19.Rxd6  1/2-1/2

[Event "ch-RUS Women"]
[Site "Elista RUS"]
[Date "2000.05.16"]
[Round "6"]
[White "Galianina Ryjanova,J"]
[Black "Kovalevskaya,E"]
[Result "0-1"]
[WhiteElo "2307"]
[BlackElo "2451"]

1.d4 Nf6 2.c4 d6 3.Nc3 Nbd7 4.e4 e5 5.Nf3 g6 6.Be2 Bg7 7.O-O O-O 8.Qc2 c6
9.Rd1 Qe7 10.d5 c5 11.g3 Nb6 12.Nh4 Bh3 13.Bg5 h6 14.Bd2 Nh7 15.Re1 Bf6 16.Ng2 Bg5
17.f4 exf4 18.gxf4 Bf6 19.Qd3 Bd4+ 20.Be3 Bxg2 21.Kxg2 Nxc4 22.Bxd4 cxd4
23.Qxd4 Nb6 24.e5 Rad8 25.Rad1 Qh4 26.Qf2 Qxf2+ 27.Kxf2 g5 28.Bd3 Nc8 29.Rg1 Kh8
30.Rde1 gxf4 31.e6 Ne7 32.Bxh7 Kxh7 33.Ne4 fxe6 34.dxe6 d5 35.Nc5 Rf6 36.b3 Rg6
37.Nxb7 Rc8 38.Rxg6 Kxg6 39.Re2 Kf6 40.Kf3 Rc3+ 41.Kg4 h5+ 42.Kxh5 f3 43.Rd2 Kf5
44.Nd6+ Kf4 45.Nb5 Rc8 46.Kh6 Ke3 47.Rd1 Rg8 48.Rf1 Ke2 49.Rb1 f2 50.Nd4+ Ke3
51.Nc2+ Kd3 52.Nb4+ Ke2 53.Rb2+ Kf3  0-1

[Event "25th Paul Keres mem"]
[Site "Vancouver CAN"]
[Date "2000.05.19"]
[Round "7"]
[White "Harmon,C"]
[Black "Poitras,L"]
[Result "1-0"]
[WhiteElo "2203"]
[BlackElo "2101"]

1.d4 Nf6 2.Nf3 g6 3.c4 Bg7 4.Nc3 O-O 5.e4 d6 6.Be2 e5 7.dxe5 dxe5 8.Qxd8 Rxd8
9.Bg5 Re8 10.O-O-O Na6 11.Nd2 c6 12.f3 h6 13.Be3 Nc7 14.a3 Ne6 15.Nb3 b6
16.c5 bxc5 17.Nxc5 Nxc5 18.Bxc5 Nd7 19.Be3 Bf8 20.Na4 Rb8 21.Rd2 Nb6 22.Nc5 Be6
23.Nxe6 Rxe6 24.Rhd1 Ree8 25.Rc2 Rbc8 26.Ba6 Rc7 27.Kb1 Nd7 28.Rdc1 Nb8 29.Bc4 Kg7
30.Ka2 Be7 31.g3 Rd7 32.Rd2 Red8 33.Rxd7 Rxd7 34.Rc3 h5 35.Rb3 Bd6 36.Bf1 f5
37.Bd3 Kf6 38.h4 f4 39.gxf4 exf4 40.Bd4+ Ke7 41.e5  1-0

[Event "It"]
[Site "Sisak CRO"]
[Date "2000.05.21"]
[Round "7"]
[White "Sitnik,I"]
[Black "Fuksik,J"]
[Result "1/2-1/2"]
[WhiteElo "2371"]
[BlackElo "2275"]

1.d4 Nf6 2.c4 g6 3.Nc3 Bg7 4.e4 d6 5.Nf3 O-O 6.Be2 Nbd7 7.O-O e5 8.Be3 Re8
9.dxe5 dxe5 10.h3 c6 11.Qc2 Qc7 12.b4 Nh5 13.Rfd1 Nf4 14.Bf1 Bf8 15.g3 Ne6
16.c5 b6 17.b5 Bb7 18.Rxd7 Qxd7 19.Nxe5 Nd4 20.Bxd4 Qxd4 21.bxc6 Bxc6 22.Nxc6 Qxc5
23.Rc1 Qxc6 24.Bb5 Qc5 25.Bxe8 Rxe8 26.Nd5 Rc8 27.Qxc5 Rxc5 28.Rxc5 Bxc5
29.Kf1 h5 30.Ke2 Kf8 31.f4 Bg1 32.f5 Bc5 33.Kd3 Bd6 34.g4 hxg4 35.hxg4 gxf5
36.gxf5 Bc5 37.e5 Ke8 38.Nf6+ Ke7 39.Kc4 a6 40.Kd5 a5 41.Kc6 Bd4 42.Nd5+ Kd8
43.e6 fxe6 44.fxe6 Ke8 45.a4 Bf2 46.Nf6+ Ke7 47.Ne4 Bc5 48.Kd5 Bb4 49.Ke5 b5
50.axb5 a4 51.Kd4  1/2-1/2

[Event "It"]
[Site "Sisak CRO"]
[Date "2000.05.23"]
[Round "9"]
[White "Biolek,R"]
[Black "Brigljevic,M"]
[Result "1-0"]
[WhiteElo "2432"]
[BlackElo "2278"]

1.d4 Nf6 2.c4 g6 3.Nc3 Bg7 4.e4 d6 5.Nf3 O-O 6.Be2 e5 7.O-O Nbd7 8.Be3 Ng4
9.Bg5 f6 10.Bc1 c6 11.d5 c5 12.Ne1 Nh6 13.Be3 f5 14.f3 Nf6 15.Qd2 f4 16.Bf2 Nf7
17.Nd3 h5 18.b4 b6 19.a4 a5 20.bxa5 bxa5 21.Rfb1 Bh6 22.Qb2 Nd7 23.Ra3 g5
24.Ne1 Qe7 25.Rb3 Kh8 26.h3 Rg8 27.Qc2 Nf6 28.Rb8 Rxb8 29.Rxb8 g4 30.fxg4 hxg4
31.hxg4 Qd7 32.Kf1 Nxg4 33.Bxg4 Qxg4 34.Nb5 Ng5 35.Qd3 Qh5 36.Nxd6 f3 37.Rxc8 fxg2+
38.Nxg2 Rxc8 39.Nxc8 Qg4 40.Qg3 Qxc8 41.Qxe5+ Kg8 42.Qf5 Qe8 43.e5  1-0

[Event "It"]
[Site "Sisak CRO"]
[Date "2000.05.23"]
[Round "9"]
[White "Takac,Z"]
[Black "Jankovic,A"]
[Result "0-1"]
[WhiteElo "2200"]
[BlackElo "2320"]

1.d4 Nf6 2.c4 g6 3.Nc3 Bg7 4.e4 d6 5.Nf3 O-O 6.Be2 e5 7.O-O Nbd7 8.dxe5 dxe5
9.Bg5 c6 10.Qd2 Qe7 11.Rad1 Re8 12.Qd6 Qxd6 13.Rxd6 Bf8 14.Rdd1 Bb4 15.Bd3 Bxc3
16.bxc3 Kg7 17.Rfe1 Nc5 18.Bc2 h6 19.Bc1 Bg4 20.Ba3 Bxf3 21.gxf3 Ne6 22.Bd6 Nd7
23.Rb1 Nec5 24.f4 f6 25.fxe5 fxe5 26.f4 exf4 27.Bxf4 Ne5 28.Be3 Nf3+ 29.Kf2 Nxe1
30.Rxe1 Nd7 31.c5 b6 32.Bd4+ Kh7 33.cxb6 axb6 34.a4 Re7 35.c4 Rf8+ 36.Ke3 Ref7
37.e5 c5 38.Bc3 Re8 39.Ke4 Nf6+ 40.Ke3 Nd7 41.Ke4 Nxe5 42.Bxe5 Rxe5+ 43.Kxe5 Re7+
44.Kf6 Rxe1 45.Bxg6+ Kh8 46.h4 Rf1+ 47.Ke6 Rf4 48.Kd5 Rxh4 49.Be8 Rd4+ 50.Kc6 Rxc4
51.Kxb6 Rc1 52.a5 c4 53.Ba4 Ra1 54.Kb5 c3 55.a6 Rf1 56.Bc2 Rf7 57.Bd3 Rc7
58.Bc2 h5 59.Kb6 Re7 60.Kb5 h4  0-1

[Event "ch-CZE"]
[Site "Opava CZE"]
[Date "2000.05.24"]
[Round "3"]
[White "Polak,T"]
[Black "Firt,S"]
[Result "1-0"]
[WhiteElo "2503"]
[BlackElo "2350"]

1.d4 Nf6 2.c4 g6 3.Nc3 Bg7 4.e4 d6 5.Nf3 O-O 6.Be2 e5 7.O-O Nbd7 8.Re1 c6
9.Bf1 a5 10.dxe5 dxe5 11.Na4 Qe7 12.Qc2 Rd8 13.c5 Nf8 14.Be3 Bg4 15.Nd2 Be6
16.h3 N6d7 17.Nc4 f5 18.f3 f4 19.Bf2 Kh8 20.Red1 Bg8 21.Qc3 Ne6 22.Nxa5 Nd4
23.b4 Nf8 24.Nb6 Rab8 25.Bc4 Bxc4 26.Qxc4 Nfe6 27.Nb3 g5 28.Kf1 h5 29.Rd3 Nxb3
30.Qxb3 Rxd3 31.Qxd3 Rd8 32.Qb3 Nd4 33.Bxd4 exd4 34.Nc4 g4 35.Nd6 gxh3 36.gxh3 Rd7
37.Nf5 Qe5 38.Qd3 Bf6 39.a4 Qe6 40.a5 Be5 41.a6 bxa6 42.Rxa6 Rc7 43.b5 Qd7
44.b6 Rb7 45.Ra8+ Kh7 46.Qc4  1-0

[Event "ch-Europe Women"]
[Site "Batumi GEO"]
[Date "2000.05.27"]
[Round "1.1"]
[White "Alexandria,N"]
[Black "Gaponenko,I"]
[Result "1-0"]
[WhiteElo "2320"]
[BlackElo "2377"]

1.d4 Nf6 2.c4 g6 3.Nc3 Bg7 4.e4 d6 5.Nf3 O-O 6.Be2 e5 7.Be3 Ng4 8.Bg5 f6
9.Bh4 g5 10.Bg3 Nh6 11.dxe5 fxe5 12.h4 g4 13.Nh2 Qd7 14.Nd5 Nc6 15.Ne3 Qf7
16.Nhxg4 Qg6 17.h5 Qf7 18.Nxh6+ Bxh6 19.Nc2 Be6 20.Qd3 Qg7 21.Kf1 Kh8 22.Kg1 Rg8
23.Bf1 Raf8 24.b4 Bf4 25.Bh4 Bg4 26.a4 Bxh5 27.Bf6 Rxf6 28.Rxh5 Rg6 29.Qh3 Qf7
30.Ra3 Rf6 31.Rf3 h6 32.b5 Na5 33.Nb4 c6 34.bxc6 bxc6 35.Nd3 Bg5 36.Rxf6 Qxf6
37.c5 d5 38.exd5 cxd5 39.Nxe5 Qxe5 40.Rxh6+ Kg7 41.Rh7+ Kf6 42.Qf3+ Bf4 43.Rh4 Nc6
44.Rxf4+ Ke6 45.g3 Rg7 46.Bh3+ Ke7 47.Rf5 Qe1+ 48.Kg2 Nd4 49.Qxd5 Nxf5 50.Bxf5 Kf6
51.Be4 Re7 52.Qf5+ Kg7 53.Qg6+ Kf8 54.Bd5 Rc7 55.Qf6+  1-0

[Event "Open A"]
[Site "Lido Estensi ITA"]
[Date "2000.05.28"]
[Round "2"]
[White "Naumkin,I"]
[Black "Martinovic,S"]
[Result "1-0"]
[WhiteElo "2498"]
[BlackElo "2448"]

1.d4 Nf6 2.c4 g6 3.Nc3 Bg7 4.e4 d6 5.Nf3 O-O 6.Be2 e5 7.d5 a5 8.Bg5 h6 9.Bh4 Na6
10.O-O Qe8 11.Nd2 Bd7 12.b3 Nh7 13.a3 h5 14.f3 Bf6 15.Bf2 Qe7 16.Rb1 Bg5
17.b4 b6 18.bxa5 bxa5 19.c5 Nxc5 20.Bxc5 dxc5 21.Nc4 Rfb8 22.Qd3 Nf6 23.Rxb8+ Rxb8
24.Rb1 Rxb1+ 25.Qxb1 Ne8 26.Nd1 a4 27.Qb8 Kh7 28.Ndb2 f6 29.Bd1 Bc1 30.Nxa4 Nd6
31.Bb3 Nxc4 32.Bxc4 Bxa3 33.d6 cxd6 34.Qg8+ Kh6 35.Bf7  1-0

[Event "ch-Europe Women"]
[Site "Batumi GEO"]
[Date "2000.05.30"]
[Round "2.2"]
[White "Alexandria,N"]
[Black "Kovalevskaya,E"]
[Result "0-1"]
[WhiteElo "2320"]
[BlackElo "2451"]

1.d4 Nf6 2.c4 d6 3.Nc3 e5 4.Nf3 Nbd7 5.e4 g6 6.Be2 Bg7 7.O-O O-O 8.Be3 c6
9.Qc2 Ng4 10.Bg5 f6 11.Bd2 Qe7 12.d5 c5 13.Nb5 Nb8 14.b4 Na6 15.h3 Nh6 16.a3 Nf7
17.Bd3 Bh6 18.Rab1 Kh8 19.Nc3 Ng5 20.Nh2 Nf7 21.Rb3 Bd7 22.Rb2 Bxd2 23.Qxd2 f5
24.b5 Nc7 25.b6 Ne8 26.bxa7 Rxa7 27.f4 Nf6 28.exf5 gxf5 29.Nd1 e4 30.Be2 Nh6
31.Ne3 Qg7 32.Kh1 Rxa3 33.Rxb7 Qg3 34.Nd1 Qg7 35.Rg1 Rg3 36.Nf1 e3 37.Qb2 Rg6
38.Nfxe3 Ne4 39.Bf3 Qxb2 40.Nxb2 Bc8 41.Rb8 Nd2 42.Bh5 Rg7 43.Ra1 Rb7 44.Raa8 Rxb8
45.Rxb8 Kg7 46.Rb6 Rd8 47.Kh2 Ng8 48.Be2 Nf6 49.Bd3 Nfe4 50.Rb8 Rf8 51.Na4 Nf2
52.Rb2 Nxd3 53.Rxd2 Nxf4 54.Nb6 Kf6 55.g3 Ng6 56.Ra2 Re8 57.Ng2 Bb7 58.Nd7+ Ke7
59.Ra7 Kxd7 60.Rxb7+ Kc8 61.Rxh7 Ne5 62.Nh4 Nxc4 63.Nxf5 Re2+ 64.Kg1 Kd8
65.g4 Rd2 66.Ne7 Ne5 67.Kf1 c4 68.Nc6+ Nxc6 69.dxc6 c3 70.Ke1 d5 71.Ra7 d4
72.Ra4 d3 73.Rc4 Re2+ 74.Kd1 c2+ 75.Kc1 Re1+ 76.Kd2 Rd1+ 77.Ke3 c1=Q+ 78.Rxc1 Rxc1
79.Kxd3 Rxc6 80.Ke4 Ke7 81.Kf5  0-1

[Event "ch-IND"]
[Site "Mumbai IND"]
[Date "2000.05.30"]
[Round "13"]
[White "Sundararajan,K"]
[Black "Thipsay,P"]
[Result "0-1"]
[WhiteElo "2433"]
[BlackElo "2475"]

1.d4 Nf6 2.c4 g6 3.Nc3 Bg7 4.e4 d6 5.Nf3 O-O 6.Be2 e5 7.Be3 Na6 8.O-O Ng4
9.Bg5 Qe8 10.dxe5 dxe5 11.h3 h6 12.Bd2 Nf6 13.Be3 Qe7 14.Nd5 Qd8 15.Qc1 Kh7
16.Rd1 Nxe4 17.Nb6 axb6 18.Rxd8 Rxd8 19.Qc2 Nec5 20.g4 Nb4 21.Qb1 Be6 22.Bxc5 bxc5
23.Qe4 Nc6 24.a3 f5 25.gxf5 Bxf5 26.Qe3 Nd4 27.Rd1 e4 28.Nh4 Bf6 29.Nxf5 gxf5
30.Bh5 Rg8+ 31.Kh1 Rg5 32.Be2 Rag8 33.b4 Be5 34.bxc5 Nxe2 35.Qxe2 Rg2  0-1

[Event "Bank Pocztowy Open"]
[Site "Bydgoszcz POL"]
[Date "2000.05.31"]
[Round "4"]
[White "Ulibin,M"]
[Black "Likavsky,T"]
[Result "1-0"]
[WhiteElo "2580"]
[BlackElo "2397"]

1.d4 Nf6 2.c4 g6 3.Nc3 Bg7 4.e4 d6 5.Nf3 O-O 6.Be2 e5 7.O-O Na6 8.Be3 Ng4
9.Bg5 Qe8 10.dxe5 dxe5 11.Nd2 h6 12.Bh4 f5 13.exf5 gxf5 14.Nd5 Kh8 15.h3 Nf6
16.Bxf6 Bxf6 17.c5 Qg6 18.Qc2 Be6 19.Nxf6 Qxf6 20.Qc3 e4 21.Qxf6+ Rxf6 22.c6 Nb4
23.cxb7 Rb8 24.Rfc1 Rxb7 25.a3 Nd3 26.Bxd3 exd3 27.b4 Bd5 28.Rc3 Rg6 29.f3 c6
30.Rf1 Rbg7 31.Rf2 Re6 32.Rxd3 Rge7 33.Nf1 Re1 34.Kh2 Kg7 35.Ng3 Kg6 36.f4 R7e3
37.Rfd2 Rxd3 38.Rxd3 a6 39.Rc3 Kf6 40.Nh5+ Kg6 41.Ng3 h5 42.h4 Ra1 43.Ne2 Ra2
44.Rg3+ Kf7 45.Nc1 Rc2 46.Nd3 Kf6 47.Ne5 Ke7 48.Rg7+ Kd6 49.Nd3 Ke6 50.Rg5 Ke7
51.Ne5 Be4 52.Kg1 Rc3 53.Kf2 Rxa3 54.Nxc6+ Kf7 55.Ne5+ Ke7 56.g3 Kf8 57.Rg6 Ra4
58.Rb6 Kg7 59.Ke3 Kh7 60.Nc4 Bg2 61.Kd4 Bf1 62.Ne3 Bb5 63.Nxf5 Rxb4+ 64.Ke5 Rc4
65.Rb7+ Kh8 66.Nd6 Rc5+ 67.Kf6 Rc6 68.Ke7 Bc4 69.f5 Bd5 70.f6 Rc3 71.f7 Re3+
72.Kf6 Re6+ 73.Kf5 Kg7 74.Rd7 Bb3 75.Ne8+ Kf8 76.Nf6 Re7 77.Rd8+ Kxf7 78.Nxh5 Bc2+
79.Kf4 a5 80.Ra8 a4 81.g4 Re4+ 82.Kf3 Rb4 83.Nf4 Bd1+ 84.Kg3 Rb3+ 85.Kh2 a3
86.g5 Rb2+ 87.Kg3 a2 88.g6+ Kg7 89.Ra7+ Kh6 90.Rh7+  1-0

[Event "ch-CZE"]
[Site "Opava CZE"]
[Date "2000.05.31"]
[Round "10"]
[White "Babula,V"]
[Black "Firt,S"]
[Result "1-0"]
[WhiteElo "2573"]
[BlackElo "2350"]

1.d4 Nf6 2.c4 g6 3.Nc3 Bg7 4.e4 d6 5.Nf3 O-O 6.Be2 e5 7.O-O Qe8 8.Re1 exd4
9.Qxd4 Nc6 10.Qd3 Bg4 11.Bg5 h6 12.Be3 a5 13.Rac1 Nb4 14.Qb1 Na6 15.h3 Bd7
16.Rcd1 Bc6 17.Qc1 Kh7 18.c5 Nxc5 19.e5 Nfe4 20.Bxc5 Nxc3 21.Qxc3 dxc5 22.Qxc5 Rd8
23.Qxa5 Ra8 24.Qxc7 Rxa2 25.Bc4 Rxb2 26.e6 fxe6 27.Rxe6 Qb8 28.Qxb8 Rxb8
29.Bd3 Bxf3 30.gxf3 Rf8 31.Bxg6+ Kg8 32.Be4 Rb5 33.Rd7 Rg5+ 34.Kf1 Bf6 35.Rxb7 Rg7
36.Bd5 Rxb7 37.Re7+ Kh8 38.Rxb7 Re8 39.Rf7 Bh4 40.Rf4 Bg5 41.Rf7 Re7 42.Rf5 Kg7
43.f4 Bf6 44.Bf3 Ra7 45.Kg2 Rc7 46.Kg3 Be7 47.Ra5 Rd7 48.Be4 Rd4 49.f3 Rd6
50.Kg4 Kf6 51.Ra8 Rd8 52.Ra6+ Rd6 53.Ra5 Rd8 54.Kh5 Bf8 55.Ra7 Rd6 56.Bg6 Be7
57.Kxh6 Rd4 58.Be4 Kf7 59.h4 Rd6+ 60.Kh7 Kf8 61.h5 Bf6 62.Bg6 Be7 63.h6 Bh4
64.Rf7+ Ke8 65.Rf6+  1-0

[Event "Bank Pocztowy Open"]
[Site "Bydgoszcz POL"]
[Date "2000.06.03"]
[Round "6"]
[White "Volkov,S"]
[Black "Bobrowska,M"]
[Result "1-0"]
[WhiteElo "2582"]
[BlackElo "2417"]

1.d4 Nf6 2.c4 g6 3.Nc3 Bg7 4.e4 d6 5.Be2 O-O 6.Nf3 e5 7.Be3 Ng4 8.Bg5 f6
9.Bh4 Nc6 10.d5 Ne7 11.Nd2 h5 12.h3 Nh6 13.g4 c6 14.gxh5 g5 15.Bg3 f5 16.exf5 cxd5
17.cxd5 Nexf5 18.Nde4 Nxg3 19.fxg3 Nf5 20.Qd2 Bh6 21.g4 Nd4 22.O-O-O Rf4
23.Bd3 b5 24.Ne2 Nxe2+ 25.Qxe2 Bb7 26.Bxb5 Qa5 27.Kb1 Qb4 28.Rhe1 Rb8 29.a3 Qb3
30.Qd3 Rf3 31.Nf6+ Kf7 32.Qg6+ Ke7 33.Rxe5+ Kd8 34.Rc1  1-0

[Event "Bank Pocztowy Open"]
[Site "Bydgoszcz POL"]
[Date "2000.06.05"]
[Round "8"]
[White "Govashelishvili,G"]
[Black "Dzjuba,V"]
[Result "1-0"]
[WhiteElo "2240"]
[BlackElo "2274"]

1.d4 Nf6 2.Nf3 g6 3.c4 Bg7 4.Nc3 d6 5.e4 O-O 6.Be2 e5 7.Be3 Ng4 8.Bg5 f6
9.Bc1 Nc6 10.O-O exd4 11.Nxd4 f5 12.Nxc6 bxc6 13.exf5 gxf5 14.Bf4 Rb8 15.Qd2 c5
16.b3 Bb7 17.Rae1 Ne5 18.Nd5 Kh8 19.Bg5 Qd7 20.Bh5 Bxd5 21.cxd5 Rb4 22.f4 Rd4
23.Qa5 Nd3 24.Re7 Qc8 25.Rxc7 Qa8 26.Rxg7 Kxg7 27.Qc7+ Kh8 28.Qe7 Nxf4 29.Bf6+ Rxf6
30.Qxf6+ Kg8 31.Bf7+  1-0

[Event "zt 1.8"]
[Site "Minsk BLR"]
[Date "2000.06.06"]
[Round "11"]
[White "Kasparov,S"]
[Black "Kovalev,A"]
[Result "1/2-1/2"]
[WhiteElo "2465"]
[BlackElo "2490"]

1.d4 Nf6 2.c4 g6 3.Nc3 Bg7 4.e4 d6 5.Nf3 O-O 6.Be2 Nbd7 7.O-O e5 8.Re1 c6
9.Bf1 Qb6 10.h3 exd4 11.Nxd4 Ng4 12.hxg4 Qxd4 13.Bf4 Qxd1 14.Raxd1 Ne5 15.g5 Be6  1/2-1/2

[Event "FSGM June"]
[Site "Budapest HUN"]
[Date "2000.06.08"]
[Round "6"]
[White "Lukacs,P"]
[Black "Kosanovic,G"]
[Result "1-0"]
[WhiteElo "2460"]
[BlackElo "2474"]

1.d4 Nf6 2.c4 g6 3.Nc3 Bg7 4.e4 d6 5.Nf3 O-O 6.Be3 e5 7.Be2 Nc6 8.d5 Ne7
9.Nd2 Nd7 10.b4 f5 11.f3 c6 12.Rc1 Nf6 13.O-O Kh8 14.Nb3 Ne8 15.c5 fxe4 16.fxe4 Rxf1+
17.Bxf1 cxd5 18.Nxd5 Nxd5 19.Qxd5 Nf6 20.Qxd6 Qxd6 21.cxd6 Nxe4 22.Rd1 Bg4
23.Rd3 b6 24.Nd2 Nf6 25.Nc4 Be6 26.Ra3 Bd5 27.Nxe5 Ne4 28.Bc4 Bxc4 29.Nxc4 b5
30.Rxa7 Rb8 31.Re7 Nf6 32.Nb6 Kg8 33.Bd4  1-0

[Event "Parkroyal Int"]
[Site "Surfers Paradise AUS"]
[Date "2000.06.10"]
[Round "4"]
[White "Wallace,JP"]
[Black "Hunt,A"]
[Result "1/2-1/2"]
[WhiteElo "2367"]
[BlackElo "2388"]

1.d4 Nf6 2.Nf3 g6 3.c4 Bg7 4.Nc3 O-O 5.e4 d6 6.Be2 e5 7.Be3 exd4 8.Nxd4 Re8
9.f3 c6 10.Qd2 d5 11.exd5 cxd5 12.O-O Nc6 13.Rad1 Nxd4 14.Bxd4 dxc4 15.Bxc4 Be6
16.Bb5 Rf8 17.Qf2 Qa5 18.Qh4 Nh5 19.Bxg7 Kxg7 20.Qd4+ Nf6 21.g4 Qb6 22.Qxb6 axb6
23.Rd6 Rfd8 24.Rfd1 Rxd6 25.Rxd6 Bxa2 26.g5 Nh5 27.Rxb6 Be6 28.Rxb7 Nf4 29.Bf1 Ra5
30.Rb5 Ra1 31.Kf2 Rxf1+ 32.Kxf1 Bc4+ 33.Kg1 Bxb5 34.Nxb5 Nh3+ 35.Kg2 Nxg5
36.Nc7 f5 37.h4 Nf7 38.Nd5 Ne5 39.Kg3 Kf7 40.Kf4 Nd3+ 41.Ke3 Nxb2 42.Kd4 Ke6
43.Nf4+ Kd6 44.h5 gxh5 45.Nxh5 Ke6 46.Ke3 Kf7 47.f4 Kg6 48.Ng3 h5 49.Nh1 Nc4+
50.Ke2 Nd6 51.Nf2 Ne4 52.Nh3 h4 53.Kf3 Kh5 54.Ng1 Nd2+ 55.Ke2 Nb3 56.Kf3 Nd4+
57.Ke3 Kg4 58.Kxd4 Kxf4 59.Kd3 Kg3 60.Ke3 f4+ 61.Ke2 Kg2 62.Nf3 h3 63.Nh4+ Kg3  1/2-1/2

[Event "Parkroyal Int"]
[Site "Surfers Paradise AUS"]
[Date "2000.06.10"]
[Round "4"]
[White "Allen,A"]
[Black "Rogers,I"]
[Result "0-1"]
[WhiteElo "2264"]
[BlackElo "2562"]

1.d4 Nf6 2.Nf3 g6 3.c4 Bg7 4.Nc3 O-O 5.e4 d6 6.Be2 Na6 7.O-O e5 8.Be3 Qe8
9.dxe5 dxe5 10.h3 Nh5 11.c5 c6 12.Nd2 Nf4 13.Nc4 Qe7 14.Nd6 Bxh3 15.Bxf4 exf4
16.gxh3 Nxc5 17.Nc4 Rad8 18.Qc2 Qg5+ 19.Kh2 f3 20.Bxf3 b5 21.Ne2 bxc4 22.Qxc4 Rd2
23.Rad1 Be5+ 24.Kh1 Rxe2 25.Qc1  0-1

[Event "FSIMA June"]
[Site "Budapest HUN"]
[Date "2000.06.11"]
[Round "9"]
[White "Szeberenyi,A"]
[Black "Zimmerman,Y"]
[Result "1-0"]
[WhiteElo "2257"]
[BlackElo "2397"]

1.d4 d6 2.c4 g6 3.Nc3 Bg7 4.Nf3 Nf6 5.e4 O-O 6.Be2 e5 7.O-O Nbd7 8.Qc2 c6
9.Rd1 Qe7 10.d5 c5 11.Bg5 h6 12.Bh4 g5 13.Bg3 Nh5 14.Nd2 Nf4 15.Nf1 Nf6 16.Ne3 h5
17.f3 Kh8 18.Bf2 Bh6 19.g4 hxg4 20.fxg4 Kg7 21.Bf3 Ng8 22.Ne2 Qf6 23.Ng3 Ne7
24.Nef5+ Kh7 25.Be3 Neg6 26.b4 b6 27.Qa4 Nh4 28.Bh1 Bxf5 29.exf5 Nh3+ 30.Kf1 e4
31.Qc2 Rfe8 32.Nxe4 Qe5 33.Re1 Kg8 34.Rad1 cxb4 35.Bc1 Nxf5 36.Qb2 Qxb2 37.Bxb2 Rxe4
38.Rxe4 Bg7 39.Bc1 Nh4 40.Rd3 Nf4 41.Bxf4 gxf4 42.Rxf4 Be5 43.Re4 a5 44.a4 Ng6
45.h3 Nf8 46.Rxe5 dxe5 47.d6 Rd8 48.Bc6 Ne6 49.d7 Nd4 50.Bb5 Kf8 51.h4 Ke7
52.h5 Rg8 53.h6 Rxg4 54.Rh3 Rg8 55.h7 Rh8 56.Rg3 Ne6 57.Rg8 Rxh7 58.Re8+ Kd6
59.Rxe6+ Kxe6 60.d8=Q Rh1+ 61.Kg2  1-0

[Event "FSGM June"]
[Site "Budapest HUN"]
[Date "2000.06.13"]
[Round "11"]
[White "Belichev,N"]
[Black "Lorscheid,G"]
[Result "1/2-1/2"]
[WhiteElo "2414"]
[BlackElo "2318"]

1.Nf3 d6 2.c4 g6 3.Nc3 Bg7 4.d4 Nf6 5.e4 O-O 6.Be2 e5 7.O-O exd4 8.Nxd4 Re8
9.f3 c6 10.Nc2 Na6 11.Kh1 Nc7 12.Bf4 d5 13.cxd5 cxd5 14.Bxc7 Qxc7 15.exd5 Qf4
16.g3 Qh6 17.f4 Qh3 18.Bf3 Ng4 19.Qd2 Bf5 20.Bxg4 Bxg4 21.Ne3 Bd7 22.Rfe1 Rac8
23.Rac1 h5 24.Ne2 Bb5 25.Ng1 Qd7 26.Nf3 Rxc1 27.Rxc1 Bxb2 28.Rb1 Bg7  1/2-1/2